Top 15 des pays avec les décès de Covid-19 - 3 octobre - Statistiques

Statistiques générales
  • Ce quiz a été pris 38 fois
  • Le résultat moyen est 11 sur 20
Statistiques - réponses
pays % Correct
France
97%
Italie
89%
Royaume-Uni
86%
Etats-Unis
81%
Espagne
78%
Russie
69%
Brésil
67%
Inde
64%
Belgique
61%
Mexique
61%
Argentine
58%
Colombie
39%
Suède
39%
Afrique du Sud
33%
Chili
33%
Pérou
33%
Iran
28%
Équateur
25%
Bolivie
22%
Panama
17%
Aucun quiz correspondant
Distribution des résultats
% des personnes avec chaque résultat
Percentile par nombre de réponses
Votre historique - résultats
Vous n’avez pas pris ce quiz